000 00736nam a22001697a 4500
999 _c80430
_d80430
008 201130b ||||| |||| 00| 0 eng d
040 _bger
_cSTAFF
_erda
_aISIL EINTRAGEN
041 _ager
100 _aWaldmann, Nancy
245 _aAntwort aus Wizebsk:
_bBelarus: Frankfurts offener Brief in die Partnerstadt stieß auf das Schweigen der Offiziellen und die Kritik unseres Lesers. Ein Wizebsker antwortet ihm /
_cNancy Waldmann
600 _2Junghanns, Andrea <Leiterin Kita St. Georg>
773 _dFrankfurt (Oder): Märkisches Verlags- und Druckhaus GmbH & Co KG
_g31. Jahrgang (2020) Nr. 295 vom 18.12.2020, S. 16.
_tMärkische Oderzeitung
942 _cA